Normal view MARC view
  • Surfactant science series ;

Entry Uniform Title

Number of records used in: 5

001 - CONTROL NUMBER

  • control field: 744

003 - CONTROL NUMBER IDENTIFIER

  • control field: NUST

005 - DATE AND TIME OF LATEST TRANSACTION

  • control field: 20170515133104.0

008 - FIXED-LENGTH DATA ELEMENTS

  • fixed length control field: 170515|| aca||aabn | a|a d

040 ## - CATALOGING SOURCE

  • Original cataloging agency: NUST
  • Transcribing agency: NUST

130 ## - HEADING--UNIFORM TITLE

  • Uniform title: Surfactant science series ;
  • Form subdivision: 108

670 ## - SOURCE DATA FOUND

  • Source citation: Work cat.: (NUST)0: Interfacial applications in environmental engineering /, c2003.
© 2023 Central Library, National University of Sciences and Technology. All Rights Reserved.